| 000 | 01640nam a2200517 i 4500 | ||
|---|---|---|---|
| 001 | 37030 | ||
| 003 | KOSZ 005 | ||
| 005 | 20220722122927.0 | ||
| 008 | 000823s2000 pl a |000 0 pol | ||
| 015 | _aUWD 2000/15272 | ||
| 020 | _a8388101110 | ||
| 035 | _a991014550719705066 | ||
| 035 | _a(PL-WaBN)b13912100-48omnis_nlop | ||
| 035 | _ab13912100 | ||
| 035 | _a(OCoLC)751419102 | ||
| 035 | _axx001776785 | ||
| 035 | _a(PL)b0000001391210 | ||
| 035 | _a(EXLNZ-48OMNIS_NETWORK)9910481072805606 | ||
| 040 |
_aWA N _cWA N _dKOSZ 005/HR |
||
| 041 | 1 |
_apol _heng |
|
| 046 | _k2000 | ||
| 080 | _a004.42 | ||
| 080 | _a004.92 | ||
| 080 | _a(07) | ||
| 245 | 0 | 0 |
_aAdobe After Effects wersja 4 w 7 lekcjach / _c[tł. Dominik Najberg]. |
| 246 | 1 |
_iTyt. oryg.: _aAdobe After Effect 4.0 classroom in a book |
|
| 260 |
_aWarszawa : _b"Lynx-SFT", _c[2000]. |
||
| 300 |
_aVIII, 376 s. : _bil. ; _c24 cm + _eCD ROM. |
||
| 336 |
_aTekst _btxt _2rdacontent |
||
| 337 |
_aBez urządzenia pośredniczącego _bn _2rdamedia |
||
| 338 |
_aWolumin _bnc _2rdacarrier |
||
| 380 | _aKsiążki | ||
| 388 | _a1901-2000 | ||
| 388 | _a1989-2000 | ||
| 490 | 1 | _a...W Lekcjach | |
| 500 | _aOficjalne materiały szkoleniowe Adobe Systems Inc. | ||
| 650 | 7 |
_aAfter Effects _2DBN |
|
| 650 | 7 |
_aProgramy graficzne _2DBN |
|
| 655 | 7 |
_aPodręcznik _2DBN |
|
| 658 | _aInformatyka i technologie informacyjne | ||
| 700 | 1 |
_aNajberg, Dominik. _eTłumaczenie |
|
| 830 | 0 | _a...W Lekcjach | |
| 856 | _uhttp://koha.tu.koszalin.pl/cgi-bin/koha/opac-detail.pl?biblionumber=37030 | ||
| 942 |
_2UKD _cKS |
||
| 999 |
_c37030 _d37030 |
||